[Event "chess.com Junior Speed"]
[Site "chess.com INT"]
[Date "2019.05.16"]
[Round "1.22"]
[White "Tari, Aryan"]
[Black "Van Foreest, Jorden"]
[Result "1-0"]
[WhiteTitle "GM"]
[BlackTitle "GM"]
[WhiteElo "2618"]
[BlackElo "2601"]
[WhiteFideId "1510045"]
[BlackFideId "1039784"]
[EventDate "2019.05.16"]

1. e4 e5 2. Nf3 Nc6 3. Bb5 g6 4. c3 Bg7 5. d4 exd4 6. cxd4 a6 7. Bc4 Nf6 8. Nc3
O-O 9. e5 Ng4 10. Bg5 Qe8 11. O-O h6 12. Bh4 Na5 13. Be2 g5 14. Bg3 f5 15. Nd5
f4 16. Nxc7 Qh5 17. h3 fxg3 18. hxg4 Qxg4 19. Nxa8 b5 20. Nc7 Bb7 21. d5 Nc4 22.
Bxc4 bxc4 23. Rc1 Qf4 24. Qe2 gxf2+ 25. Qxf2 g4 26. Nh4 Qxe5 27. Qxf8+ Bxf8 28.
Rxf8+ Kh7 29. Rcf1 Qd4+ 30. Kh1 h5 31. R1f7+ Kh6 32. Nf5+ 1-0

[Event "chess.com Junior Speed"]
[Site "chess.com INT"]
[Date "2019.05.16"]
[Round "1.23"]
[White "Van Foreest, Jorden"]
[Black "Tari, Aryan"]
[Result "0-1"]
[WhiteTitle "GM"]
[BlackTitle "GM"]
[WhiteElo "2601"]
[BlackElo "2618"]
[WhiteFideId "1039784"]
[BlackFideId "1510045"]
[EventDate "2019.05.16"]

1. e4 c6 2. Nf3 d5 3. Nc3 Bg4 4. h3 Bxf3 5. Qxf3 e6 6. d3 Nf6 7. g3 Bc5 8. Bg2
O-O 9. O-O Nbd7 10. Kh1 a5 11. Qe2 dxe4 12. dxe4 e5 13. f4 a4 14. a3 Re8 15. f5
h6 16. g4 Nh7 17. Qe1 Be7 18. Be3 Bh4 19. Bf2 Bxf2 20. Qxf2 Qb6 21. Rad1 Qxf2
22. Rxf2 Nb6 23. h4 Nf6 24. Bf3 Nc4 25. g5 hxg5 26. hxg5 Nh7 27. Be2 Ne3 28. Rd3
Nxc2 29. Rg3 Nd4 30. Bc4 b5 31. Ba2 Nb3 32. Rh2 f6 33. gxf6 Nxf6 34. Rd2 Rad8
35. Rgd3 Rxd3 36. Rxd3 Kf8 37. Rd6 Nd4 0-1

[Event "chess.com Junior Speed"]
[Site "chess.com INT"]
[Date "2019.05.16"]
[Round "1.24"]
[White "Tari, Aryan"]
[Black "Van Foreest, Jorden"]
[Result "1-0"]
[WhiteTitle "GM"]
[BlackTitle "GM"]
[WhiteElo "2618"]
[BlackElo "2601"]
[WhiteFideId "1510045"]
[BlackFideId "1039784"]
[EventDate "2019.05.16"]

1. e4 c6 2. d4 d5 3. e5 c5 4. dxc5 e6 5. a3 Bxc5 6. Qg4 Ne7 7. Nf3 Ng6 8. Bd3
Nc6 9. Qg3 Qc7 10. b4 Be7 11. Bb2 O-O 12. h4 f6 13. Bxg6 hxg6 14. Qxg6 Nxe5 15.
Bxe5 fxe5 16. Ng5 Bxg5 17. hxg5 Bd7 18. Qh5 Qxc2 19. Nd2 Rxf2 20. Kxf2 Qxd2+ 21.
Kg1 Be8 22. Qh8+ Kf7 23. Rf1+ Ke7 24. Qxg7+ Kd6 25. Rh7 e4 26. Qc7# 1-0

[Event "chess.com Junior Speed"]
[Site "chess.com INT"]
[Date "2019.05.16"]
[Round "1.25"]
[White "Van Foreest, Jorden"]
[Black "Tari, Aryan"]
[Result "1-0"]
[WhiteTitle "GM"]
[BlackTitle "GM"]
[WhiteElo "2601"]
[BlackElo "2618"]
[WhiteFideId "1039784"]
[BlackFideId "1510045"]
[EventDate "2019.05.16"]

1. e4 c6 2. d4 d5 3. Nc3 dxe4 4. Nxe4 Bf5 5. Ng3 Bg6 6. h4 h6 7. Nh3 e6 8. Nf4
Bh7 9. Bc4 Bd6 10. O-O Qc7 11. Ngh5 Kf8 12. Qg4 g5 13. Bxe6 Qe7 14. Re1 f5 15.
Qf3 gxf4 16. Bxf4 Bxf4 17. Qxf4 Nf6 18. Qxh6+ Ke8 19. Nxf6+ Kd8 20. Bg8 Qd6 21.
Re8+ Kc7 22. Bxh7 Nd7 23. Rxa8 Rxa8 24. Ng8 Qxd4 25. Re1 a5 26. c3 Qd3 27. Qf4+
Kb6 28. Bxf5 Qd5 29. Ne7 Qf7 30. Qe3+ Kc7 31. Qf4+ Kb6 32. Qd4+ Kc7 33. Qxd7+ 1-0

[Event "chess.com Junior Speed"]
[Site "chess.com INT"]
[Date "2019.05.16"]
[Round "1.26"]
[White "Tari, Aryan"]
[Black "Van Foreest, Jorden"]
[Result "1-0"]
[WhiteTitle "GM"]
[BlackTitle "GM"]
[WhiteElo "2618"]
[BlackElo "2601"]
[WhiteFideId "1510045"]
[BlackFideId "1039784"]
[EventDate "2019.05.16"]

1. e4 e5 2. Nf3 Nc6 3. Bb5 g6 4. c3 d6 5. d4 Bd7 6. O-O Bg7 7. Be3 Nf6 8. dxe5
Nxe5 9. Nxe5 dxe5 10. Bxd7+ Qxd7 11. Nd2 O-O 12. f3 Rfd8 13. Qe2 Qe6 14. a4 Ne8
15. Qc4 Qxc4 16. Nxc4 Nd6 17. Na5 f5 18. exf5 gxf5 19. Rfd1 Kf7 20. Rd2 Ke6 21.
Rad1 Bf6 22. g3 b6 23. Nc6 Rg8 24. b3 h5 25. Bf2 h4 26. Kf1 hxg3 27. hxg3 Rh8
28. c4 Rh1+ 29. Kg2 Rxd1 30. Rxd1 Rg8 31. Re1 e4 32. Nd4+ Bxd4 33. Bxd4 Kd7 34.
Be5 exf3+ 35. Kxf3 Ne4 36. Bf4 Kc6 37. b4 a5 38. b5+ Kb7 39. Rh1 Rg7 40. Rh5 Nc5
41. Rxf5 Nxa4 42. g4 Nb2 43. Be5 1-0

[Event "chess.com Junior Speed"]
[Site "chess.com INT"]
[Date "2019.05.16"]
[Round "1.27"]
[White "Van Foreest, Jorden"]
[Black "Tari, Aryan"]
[Result "1-0"]
[WhiteTitle "GM"]
[BlackTitle "GM"]
[WhiteElo "2601"]
[BlackElo "2618"]
[WhiteFideId "1039784"]
[BlackFideId "1510045"]
[EventDate "2019.05.16"]

1. e4 c6 2. d4 d5 3. Nc3 g6 4. h3 Bg7 5. Nf3 Nf6 6. e5 Ne4 7. Bd3 Nxc3 8. bxc3
c5 9. h4 h6 10. Be3 Nc6 11. Rb1 c4 12. Be2 b6 13. Nd2 Bf5 14. g4 Bd7 15. f4 e6
16. h5 Ne7 17. hxg6 fxg6 18. Nf3 Qc7 19. Nh4 O-O-O 20. Bf3 g5 21. fxg5 hxg5 22.
Bxg5 Rde8 23. Qd2 Nc6 24. Kf2 Ref8 25. Ng6 Rxh1 26. Rxh1 Rf7 27. Kg2 Kb7 28. Rh7
Be8 29. Nf4 Qd7 30. Bxd5 Rxf4 31. Qxf4 Qxd5+ 32. Qf3 Qd7 33. Bf6 Ka6 34. Rxg7
Qc8 35. d5 exd5 36. Qxd5 Nb4 37. Qd2 Bc6+ 38. Kg3 Nd5 39. Qe2 b5 40. Qf2 Nb6 41.
Qc5 Qe6 42. Qd6 Qe8 43. Qc7 Nc8 44. Be7 Bd5 45. Bc5 b4 46. cxb4 Bc6 47. Qa5# 1-0

[Event "chess.com Junior Speed"]
[Site "chess.com INT"]
[Date "2019.05.16"]
[Round "1.28"]
[White "Tari, Aryan"]
[Black "Van Foreest, Jorden"]
[Result "0-1"]
[WhiteTitle "GM"]
[BlackTitle "GM"]
[WhiteElo "2618"]
[BlackElo "2601"]
[WhiteFideId "1510045"]
[BlackFideId "1039784"]
[EventDate "2019.05.16"]

1. e4 c5 2. Nf3 e6 3. d4 cxd4 4. Nxd4 Nc6 5. Nc3 Qc7 6. Qd3 Nf6 7. Ndb5 Qb8 8.
Qg3 d6 9. Be3 a6 10. Nd4 Qc7 11. O-O-O Bd7 12. f4 h5 13. Bd3 h4 14. Qf3 Be7 15.
Rhe1 Nxd4 16. Bxd4 e5 17. Be3 Bg4 18. Qf2 Bxd1 19. Rxd1 Ng4 20. Qf3 Nxe3 21.
Qxe3 exf4 22. Qxf4 Qd8 23. Kb1 Bg5 24. Qf2 Qf6 25. Qb6 Qe5 26. Rf1 Bf6 27. Nd5
O-O 28. Nxf6+ gxf6 29. Qf2 Qg5 30. Qe2 Rfe8 31. Bc4 d5 32. Bb3 Rxe4 33. Qd1 Rae8
34. a4 Kg7 35. Ka2 R8e5 36. Qd3 Re2 37. g3 h3 38. Rf4 Rxh2 39. Qf3 Qg6 40. Bxd5
Rg2 41. Be4 Rxg3 42. Qf2 Qg5 43. Rxf6 Rxe4 44. Rxf7+ Kg6 0-1

[Event "chess.com Junior Speed"]
[Site "chess.com INT"]
[Date "2019.05.21"]
[Round "1.1"]
[White "Firouzja, Alireza"]
[Black "Martinez Alcantara, Jose Eduardo"]
[Result "1-0"]
[WhiteTitle "GM"]
[BlackTitle "GM"]
[WhiteElo "2682"]
[BlackElo "2583"]
[WhiteFideId "12573981"]
[BlackFideId "3805662"]
[EventDate "2019.05.16"]

1. e4 c5 2. Nf3 d6 3. d4 cxd4 4. Nxd4 Nf6 5. Nc3 a6 6. g3 e5 7. Nb3 Be7 8. Bg2
O-O 9. O-O b6 10. Nd5 Nxd5 11. Qxd5 Ra7 12. Be3 Be6 13. Qd2 Nd7 14. Nc1 Nf6 15.
Rd1 Rd7 16. Qe2 b5 17. a4 Qb8 18. axb5 axb5 19. Nd3 Bg4 20. f3 Be6 21. Nb4 Rc8
22. Ra5 Bc4 23. Qe1 Bd8 24. Ra6 Be6 25. f4 exf4 26. gxf4 Bg4 27. Rda1 d5 28.
exd5 Rc4 29. Nc6 Qc7 30. Ra8 h5 31. R1a7 Qd6 32. Rxd7 1-0

[Event "chess.com Junior Speed"]
[Site "chess.com INT"]
[Date "2019.05.21"]
[Round "1.2"]
[White "Martinez Alcantara, Jose Eduardo"]
[Black "Firouzja, Alireza"]
[Result "0-1"]
[WhiteTitle "GM"]
[BlackTitle "GM"]
[WhiteElo "2583"]
[BlackElo "2682"]
[WhiteFideId "3805662"]
[BlackFideId "12573981"]
[EventDate "2019.05.16"]

1. e4 e5 2. Nf3 Nc6 3. Bb5 a6 4. Ba4 Nf6 5. O-O b5 6. Bb3 Bc5 7. c3 d6 8. a4 Rb8
9. d4 Bb6 10. a5 Ba7 11. h3 O-O 12. Be3 exd4 13. cxd4 Nb4 14. Nc3 Bb7 15. e5
dxe5 16. dxe5 Bxe3 17. exf6 Bh6 18. fxg7 Bxg7 19. Re1 c5 20. Qe2 c4 21. Rad1 Nd3
22. Bc2 Bxf3 23. Qxf3 Nxe1 24. Bxh7+ Kxh7 25. Qf5+ Kg8 26. Rxd8 Rbxd8 27. Ne4
Rfe8 28. Ng5 Re7 29. Qh7+ Kf8 30. Qh4 Rd1 31. Kh2 Nd3 32. Nf3 Ne5 33. Ng5 Rdd7
34. Qh5 Ng6 35. Qf3 Bxb2 36. Qa8+ Kg7 37. Qxa6 Be5+ 38. g3 c3 39. Qc6 Rc7 0-1

[Event "chess.com Junior Speed"]
[Site "chess.com INT"]
[Date "2019.05.21"]
[Round "1.3"]
[White "Firouzja, Alireza"]
[Black "Martinez Alcantara, Jose Eduardo"]
[Result "1-0"]
[WhiteTitle "GM"]
[BlackTitle "GM"]
[WhiteElo "2682"]
[BlackElo "2583"]
[WhiteFideId "12573981"]
[BlackFideId "3805662"]
[EventDate "2019.05.16"]

1. e4 c5 2. Nf3 d6 3. d4 cxd4 4. Nxd4 Nf6 5. Nc3 a6 6. g3 e5 7. Nb3 Be7 8. Bg2
O-O 9. O-O b6 10. Nd5 Nxd5 11. Qxd5 Ra7 12. Be3 Be6 13. Qd3 Nd7 14. Rfd1 Qc8 15.
c3 Rc7 16. f4 f6 17. Nd2 Qb7 18. f5 Bf7 19. c4 b5 20. b3 Rfc8 21. Rab1 Nb8 22.
Bf1 Nc6 23. cxb5 Nb4 24. bxa6 Qa8 25. Qb5 Nxa2 26. Qa5 Nc3 27. b4 Nxd1 28. Rxd1
d5 29. exd5 Rc3 30. Bf2 Bxd5 31. Nb1 Rc1 32. Qxd5+ Qxd5 33. Rxd5 Rxb1 34. b5
Rcc1 35. a7 Rxf1+ 36. Kg2 Ra1 37. a8=Q+ Rxa8 38. Kxf1 Kf7 39. b6 Rb8 40. Rd7 Ke8
41. Ra7 g6 42. g4 gxf5 43. gxf5 h5 44. Ke2 Bd8 45. Rh7 Be7 46. Rh8+ Bf8 47. Bc5
Kd7 48. Rxf8 1-0

[Event "chess.com Junior Speed"]
[Site "chess.com INT"]
[Date "2019.05.21"]
[Round "1.4"]
[White "Martinez Alcantara, Jose Eduardo"]
[Black "Firouzja, Alireza"]
[Result "0-1"]
[WhiteTitle "GM"]
[BlackTitle "GM"]
[WhiteElo "2583"]
[BlackElo "2682"]
[WhiteFideId "3805662"]
[BlackFideId "12573981"]
[EventDate "2019.05.16"]

1. Nf3 Nf6 2. c4 c6 3. g3 d5 4. Bg2 g6 5. b3 Bg7 6. Bb2 O-O 7. O-O a5 8. Nc3 Na6
9. d4 Bf5 10. Rc1 Rc8 11. e3 Nb4 12. Ne1 h5 13. a3 Na6 14. Qe2 h4 15. Nd3 hxg3
16. hxg3 Bxd3 17. Qxd3 e6 18. Rfd1 Qe7 19. Na4 Ng4 20. Qe2 f5 21. Bc3 Qg5 22.
Bf3 Qh5 23. Bxg4 fxg4 24. e4 Kf7 25. exd5 exd5 26. Qf1 Rh8 27. Qg2 Rh7 28. cxd5
Rch8 29. Kf1 Qf5 30. Ke2 Rh2 31. Qg1 Qe4+ 0-1

[Event "chess.com Junior Speed"]
[Site "chess.com INT"]
[Date "2019.05.21"]
[Round "1.5"]
[White "Firouzja, Alireza"]
[Black "Martinez Alcantara, Jose Eduardo"]
[Result "0-1"]
[WhiteTitle "GM"]
[BlackTitle "GM"]
[WhiteElo "2682"]
[BlackElo "2583"]
[WhiteFideId "12573981"]
[BlackFideId "3805662"]
[EventDate "2019.05.16"]

1. e4 c5 2. Nf3 d6 3. d4 cxd4 4. Nxd4 Nf6 5. Nc3 a6 6. g3 e5 7. Nb3 Be7 8. Bg2
O-O 9. O-O b6 10. Nd5 Nxd5 11. Qxd5 Ra7 12. Be3 Be6 13. Qd2 Nd7 14. Nc1 Rc7 15.
Ne2 Qb8 16. f4 Nf6 17. f5 Bc4 18. b3 Bxe2 19. Qxe2 b5 20. c4 bxc4 21. bxc4 Rc6
22. Rab1 Qc7 23. Rfc1 Rc8 24. g4 h6 25. h4 Nh7 26. Qf2 Qd8 27. g5 hxg5 28. Bb6
Qe8 29. hxg5 Bxg5 30. Rc3 Nf6 31. Qe2 Rb8 32. Rcb3 Qc8 33. Bf2 Ra8 34. Rc3 Qc7
35. Bf1 Rb8 36. Rcb3 Rxb3 37. Rxb3 Qd8 38. Qb2 Rc8 39. Bd3 Ng4 40. Be1 Be3+ 41.
Kf1 Bd4 42. Qc1 Ne3+ 43. Ke2 Qg5 44. Bf2 Qg4+ 45. Ke1 Ng2+ 46. Kf1 Qf3 47. Qd2
Ne3+ 48. Ke1 Qh1+ 49. Ke2 Qh5+ 50. Ke1 Qh1+ 51. Ke2 Qf1+ 52. Kf3 Qg2+ 53. Ke2
Ng4 54. Kd1 Nxf2+ 55. Kc2 Qg3 56. Be2 Qf4 0-1

[Event "chess.com Junior Speed"]
[Site "chess.com INT"]
[Date "2019.05.21"]
[Round "1.6"]
[White "Martinez Alcantara, Jose Eduardo"]
[Black "Firouzja, Alireza"]
[Result "0-1"]
[WhiteTitle "GM"]
[BlackTitle "GM"]
[WhiteElo "2583"]
[BlackElo "2682"]
[WhiteFideId "3805662"]
[BlackFideId "12573981"]
[EventDate "2019.05.16"]

1. e4 e5 2. Nf3 Nc6 3. Bb5 a6 4. Ba4 Nf6 5. d3 d6 6. c3 g6 7. O-O Bg7 8. Re1 O-O
9. h3 h6 10. Be3 b5 11. Bb3 Na5 12. Bc2 c5 13. a4 Bd7 14. Nbd2 Nh5 15. d4 Qe7
16. d5 c4 17. Nf1 Rfb8 18. Ra2 Kh7 19. g4 Nf6 20. Ng3 Qe8 21. axb5 axb5 22. Kg2
Nb7 23. Ba7 Rc8 24. Qe2 Nc5 25. Rea1 Ng8 26. Qe3 Na4 27. g5 Rc7 28. Bb6 Rb7 29.
Bxa4 bxa4 30. Nd2 Bb5 31. Nf5 gxf5 32. exf5 f6 33. Ne4 Qb8 34. Qg3 fxg5 35. Be3
Nf6 0-1

[Event "chess.com Junior Speed"]
[Site "chess.com INT"]
[Date "2019.05.21"]
[Round "1.7"]
[White "Firouzja, Alireza"]
[Black "Martinez Alcantara, Jose Eduardo"]
[Result "1-0"]
[WhiteTitle "GM"]
[BlackTitle "GM"]
[WhiteElo "2682"]
[BlackElo "2583"]
[WhiteFideId "12573981"]
[BlackFideId "3805662"]
[EventDate "2019.05.16"]

1. e4 c5 2. Nc3 d6 3. Nf3 Nf6 4. d4 cxd4 5. Nxd4 a6 6. Be3 e6 7. Be2 b5 8. f3
Be7 9. Qd2 Bb7 10. a4 b4 11. Nd1 d5 12. e5 Nfd7 13. f4 Nc5 14. Nf2 O-O 15. O-O
Nc6 16. Nxc6 Bxc6 17. a5 Rb8 18. Kh1 Qc8 19. Bd4 Bb5 20. Bxb5 Rxb5 21. Qe2 Qc7
22. Ng4 Ne4 23. f5 exf5 24. Ne3 g6 25. Rad1 Bg5 26. g4 Bxe3 27. Qxe3 fxg4 28.
Qh6 Qe7 29. Rf6 Re8 30. Rxa6 Qg5 31. Qxg5 Nxg5 32. Ra7 Ne6 33. Bb6 Rc8 34. Rd2
d4 35. Rd7 Rxe5 36. a6 Rb5 37. Rb7 Ra8 38. a7 Kg7 39. Kg2 Kh6 40. Kg3 Kh5 41.
Kf2 h6 42. Rb8 Rxb6 43. Rxa8 Ra6 44. Ke2 f5 45. Kd3 f4 46. Kc4 f3 47. Re8 Nc7
48. Re5+ Kh4 49. Rxd4 Rxa7 50. Re7 h5 51. Rf7 Rb7 52. Kb3 1-0

[Event "chess.com Junior Speed"]
[Site "chess.com INT"]
[Date "2019.05.21"]
[Round "1.8"]
[White "Martinez Alcantara, Jose Eduardo"]
[Black "Firouzja, Alireza"]
[Result "1/2-1/2"]
[WhiteTitle "GM"]
[BlackTitle "GM"]
[WhiteElo "2583"]
[BlackElo "2682"]
[WhiteFideId "3805662"]
[BlackFideId "12573981"]
[EventDate "2019.05.16"]

1. e4 e5 2. Nf3 Nc6 3. Bb5 a6 4. Ba4 Nf6 5. d3 d6 6. c3 g6 7. h3 Bg7 8. O-O O-O
9. Re1 h6 10. Nbd2 b5 11. Bb3 Na5 12. Bc2 c5 13. Nf1 Nc6 14. Ng3 Be6 15. Be3 Kh7
16. a3 a5 17. d4 cxd4 18. cxd4 exd4 19. Nxd4 Nxd4 20. Bxd4 Rc8 21. Bd3 b4 22.
axb4 axb4 23. f4 Ng4 24. Ba6 Bb3 25. Qd3 Bxd4+ 26. Qxd4 Qh4 27. hxg4 Qxg3 28.
Bxc8 Rxc8 29. Qe3 Qxe3+ 30. Rxe3 Bc2 31. Ra7 Kg8 32. b3 Re8 33. Rb7 Bxe4 34.
Rxb4 d5 35. Rc3 Ra8 36. Kf2 Ra2+ 37. Ke3 Rxg2 38. Rc8+ Kg7 39. Rc7 Rxg4 40. Rbb7
g5 41. Rxf7+ Kg6 42. Rg7+ Kh5 43. fxg5 d4+ 44. Kd2 Bxb7 45. gxh6 Be4 46. h7 Bxh7
47. Rxh7+ Kg6 48. Rd7 Kf5 49. Kd3 Rg3+ 50. Kc4 Rc3+ 51. Kxd4 Rxb3 52. Rd5+ Ke6 1/2-1/2

[Event "chess.com Junior Speed"]
[Site "chess.com INT"]
[Date "2019.05.21"]
[Round "1.9"]
[White "Firouzja, Alireza"]
[Black "Martinez Alcantara, Jose Eduardo"]
[Result "1-0"]
[WhiteTitle "GM"]
[BlackTitle "GM"]
[WhiteElo "2682"]
[BlackElo "2583"]
[WhiteFideId "12573981"]
[BlackFideId "3805662"]
[EventDate "2019.05.16"]

1. e4 c5 2. Nf3 d6 3. d4 cxd4 4. Nxd4 Nf6 5. Nc3 a6 6. Be3 e6 7. Be2 b5 8. a3
Bb7 9. f3 Nbd7 10. Qd2 Be7 11. g4 Nb6 12. g5 Nfd7 13. O-O-O Rc8 14. h4 d5 15.
exd5 Nxd5 16. Nxd5 Bxd5 17. Kb1 Nb6 18. Nf5 exf5 19. Bxb6 Qxb6 20. Qxd5 O-O 21.
Qxf5 Qc5 22. Bd3 Qxf5 23. Bxf5 Rcd8 24. c3 g6 25. Be4 Bc5 26. Kc2 Bf2 27. h5 Be3
28. hxg6 hxg6 29. Rxd8 Rxd8 30. Rd1 Rb8 31. Rd5 Bf4 32. b4 Kf8 33. Kb3 Ke7 34.
a4 bxa4+ 35. Kxa4 Rc8 36. Kb3 Rc7 37. Ra5 Bd2 38. c4 Be3 39. c5 Bxg5 40. Rxa6
Be3 41. Kc4 Rd7 42. Bd5 Bd2 43. b5 Be3 44. b6 Bf4 45. c6 Rd8 46. c7 1-0

[Event "chess.com Junior Speed"]
[Site "chess.com INT"]
[Date "2019.05.21"]
[Round "1.10"]
[White "Martinez Alcantara, Jose Eduardo"]
[Black "Firouzja, Alireza"]
[Result "0-1"]
[WhiteTitle "GM"]
[BlackTitle "GM"]
[WhiteElo "2583"]
[BlackElo "2682"]
[WhiteFideId "3805662"]
[BlackFideId "12573981"]
[EventDate "2019.05.16"]

1. e4 e5 2. Nf3 Nc6 3. Bb5 a6 4. Ba4 Nf6 5. O-O b5 6. Bb3 Bc5 7. d3 d6 8. c3 h6
9. h3 O-O 10. Nbd2 a5 11. a4 b4 12. Bc4 Ne7 13. d4 exd4 14. cxd4 Bb6 15. Bd3 Bb7
16. d5 c6 17. dxc6 Bxc6 18. Re1 Ng6 19. Nc4 Re8 20. Be3 Bxe3 21. Rxe3 Nxe4 22.
Bxe4 Rxe4 23. Rxe4 Bxe4 24. Nxd6 Bc6 25. Nb5 Qb6 26. Qd4 Qb7 27. Nd6 Qc7 28. Qc5
Rd8 29. Nf5 Rd5 30. Qc2 Qd7 31. Ne3 Rd3 32. Rc1 Bxf3 33. Qc8+ Qxc8 34. Rxc8+ Kh7
35. gxf3 Nf4 36. Rc5 Rd2 37. Nc4 Rc2 38. b3 Nxh3+ 39. Kg2 Nxf2 40. Rxa5 Ne4+ 41.
Kg1 Ng5 42. f4 Nh3+ 43. Kf1 Nxf4 44. Rb5 Rc3 45. Rxb4 Rc1+ 46. Kf2 Nd3+ 47. Ke3
Nxb4 48. Kd2 Rc2+ 0-1

[Event "chess.com Junior Speed"]
[Site "chess.com INT"]
[Date "2019.05.21"]
[Round "1.11"]
[White "Firouzja, Alireza"]
[Black "Martinez Alcantara, Jose Eduardo"]
[Result "0-1"]
[WhiteTitle "GM"]
[BlackTitle "GM"]
[WhiteElo "2682"]
[BlackElo "2583"]
[WhiteFideId "12573981"]
[BlackFideId "3805662"]
[EventDate "2019.05.16"]

1. e4 e5 2. Nf3 Nc6 3. Bb5 a6 4. Ba4 Nf6 5. O-O Be7 6. Re1 b5 7. Bb3 d6 8. c3
O-O 9. h3 Na5 10. Bc2 c5 11. d4 Nd7 12. Nbd2 exd4 13. cxd4 Nc6 14. d5 Nce5 15.
a4 Rb8 16. Nxe5 Nxe5 17. f4 Ng6 18. Nf3 Bh4 19. Rf1 Bg3 20. f5 Ne5 21. Ng5 h6
22. f6 gxf6 23. Nf3 Kg7 24. Ra3 Ng6 25. Nd4 Bh4 26. Nc6 Qc7 27. Nxb8 Qxb8 28.
axb5 axb5 29. Qh5 Bg5 30. Raf3 Rh8 31. b3 Qa7 32. Bb2 Qe7 33. Qxg5 hxg5 34.
Bxf6+ Qxf6 35. Rxf6 Nf4 36. Rxd6 Ne2+ 37. Kh2 g4 38. e5 g3+ 39. Kh1 Bxh3 40.
gxh3 Rxh3+ 41. Kg2 Rh2+ 42. Kf3 g2 43. Kxe2 g1=Q+ 0-1

[Event "chess.com Junior Speed"]
[Site "chess.com INT"]
[Date "2019.05.21"]
[Round "1.12"]
[White "Martinez Alcantara, Jose Eduardo"]
[Black "Firouzja, Alireza"]
[Result "1/2-1/2"]
[WhiteTitle "GM"]
[BlackTitle "GM"]
[WhiteElo "2583"]
[BlackElo "2682"]
[WhiteFideId "3805662"]
[BlackFideId "12573981"]
[EventDate "2019.05.16"]

1. c4 e5 2. g3 Nf6 3. Bg2 d5 4. cxd5 Nxd5 5. Nc3 Nb6 6. e3 Nc6 7. Nge2 h5 8. O-O
h4 9. d4 Bd6 10. a4 a5 11. Qb3 Nb4 12. Ne4 Be6 13. Qd1 Be7 14. N4c3 hxg3 15.
hxg3 Qc8 16. dxe5 Bh3 17. Nf4 Bxg2 18. Kxg2 Qf5 19. Qf3 O-O-O 20. Qe4 Qxe4+ 21.
Nxe4 Nc4 22. e6 g5 23. Nh3 f6 24. b3 Nb6 25. g4 Rde8 26. Bb2 N6d5 27. Rad1 Bd8
28. Nhxg5 fxg5 29. Bxh8 Rxh8 30. Rh1 Re8 31. Rh6 Be7 32. Ng3 Nf6 33. f3 Nbd5 34.
Rd3 Bc5 35. Nf5 b6 36. e7 Bxe7 37. Nxe7+ Rxe7 38. Rg6 Nxe3+ 39. Rxe3 Rxe3 40.
Rxf6 Rxb3 41. Rf5 b5 42. Rxg5 bxa4 43. Rxa5 a3 44. g5 Kd7 45. g6 Ke7 46. Ra6 Rb6
47. Rxa3 Rxg6+ 48. Kf2 Re6 49. Re3 Rxe3 50. Kxe3 Ke6 51. Kd3 Kf5 52. Kc4 Kf4 53.
Kc5 Kxf3 54. Kc6 Ke2 55. Kxc7 1/2-1/2

[Event "chess.com Junior Speed"]
[Site "chess.com INT"]
[Date "2019.05.21"]
[Round "1.13"]
[White "Firouzja, Alireza"]
[Black "Martinez Alcantara, Jose Eduardo"]
[Result "0-1"]
[WhiteTitle "GM"]
[BlackTitle "GM"]
[WhiteElo "2682"]
[BlackElo "2583"]
[WhiteFideId "12573981"]
[BlackFideId "3805662"]
[EventDate "2019.05.16"]

1. e4 e5 2. Nf3 Nc6 3. Bb5 a6 4. Ba4 Nf6 5. O-O Be7 6. Re1 b5 7. Bb3 d6 8. c3
O-O 9. h3 Bb7 10. d4 Nd7 11. Nbd2 Bf6 12. Nf1 Na5 13. Bc2 c5 14. dxc5 dxc5 15.
Ng3 g6 16. b3 Nc6 17. a3 Qe7 18. Qe2 Nd8 19. Nf1 Ne6 20. Ne3 Nf4 21. Qf1 Bg7 22.
a4 Rab8 23. axb5 axb5 24. Ra7 Qe6 25. Qxb5 Bc6 26. Qc4 Qe8 27. Ng4 Bb5 28. Bxf4
Bxc4 29. bxc4 exf4 30. Ba4 Rd8 31. e5 Qe6 32. Ng5 Qf5 33. e6 Qxg5 34. e7 Nb6 35.
Bc2 h5 36. Nh2 Nc8 37. exd8=Q Rxd8 38. Nf3 Qf6 39. Ra8 Nd6 40. Ra6 Qxc3 41. Re2
Qxc4 42. Rxd6 Rxd6 43. Re8+ Bf8 44. Be4 Re6 0-1

[Event "chess.com Junior Speed"]
[Site "chess.com INT"]
[Date "2019.05.21"]
[Round "1.14"]
[White "Martinez Alcantara, Jose Eduardo"]
[Black "Firouzja, Alireza"]
[Result "1-0"]
[WhiteTitle "GM"]
[BlackTitle "GM"]
[WhiteElo "2583"]
[BlackElo "2682"]
[WhiteFideId "3805662"]
[BlackFideId "12573981"]
[EventDate "2019.05.16"]

1. e4 e5 2. Nf3 Nc6 3. Bc4 Nf6 4. d3 Bc5 5. c3 O-O 6. O-O d5 7. exd5 Nxd5 8. Re1
Bg4 9. Nbd2 Nb6 10. Bb5 Bd6 11. h3 Bh5 12. Ne4 Ne7 13. Ng3 Bxf3 14. Qxf3 c6 15.
Bc4 Nxc4 16. dxc4 f5 17. c5 e4 18. cxd6 exf3 19. dxe7 Qd5 20. exf8=R+ Rxf8 21.
Bf4 fxg2 22. Rad1 Qf3 23. Rd4 c5 24. Re3 Qc6 25. Rd6 Qa4 26. Ne2 h6 27. Re7 Re8
28. b3 Rxe7 29. bxa4 Rxe2 30. Rd8+ Kf7 31. Rd7+ Kf6 32. Rxb7 g5 33. Bb8 Rxa2 34.
Rxa7 Ra3 35. Kxg2 Rxc3 36. a5 f4 37. Rc7 h5 38. Rc6+ Kf5 39. Ba7 c4 40. Rc5+ Kg6
41. a6 Ra3 42. Rc6+ Kf5 43. Bc5 f3+ 44. Kh2 Ra2 45. a7 c3 46. Rc8 c2 47. Be3
c1=Q 48. Rxc1 g4 49. hxg4+ Kxg4 50. Rc4+ Kf5 51. Kg3 1-0